[Event "Tournoi francophone 012 Groupe D"]
[Site "Skype"]
[Date "????.??.??"]
[Round "7.1"]
[White "De Fazio, Monica"]
[Black "Porcabeuf, Jean-Marc"]
[Result "1-0"]
[WhiteElo "1125"]
[BlackElo "1181"]
[PlyCount "37"]

1. e4 e5 2. Nf3 Nc6 3. Bc4 h6 4. d3 Nf6 5. O-O Be7 6. Nc3 d6 7. h3 O-O 8. Be3
Nh5 9. Nd5 Na5 10. Nxe7+ Qxe7 11. Bd5 c6 12. Nh4 cxd5 13. Qxh5 dxe4 14. d4 exd4
15. Bxd4 Nc6 16. Bc3 d5 17. Qxd5 Rd8 18. Ng6 Qf6 19. Bxf6 1-0

[Event "Tournoi francophone 012 Groupe D"]
[Site "Skype"]
[Date "????.??.??"]
[Round "7.2"]
[White "Scata, Laura"]
[Black "Hargez, Dany"]
[Result "1-0"]
[WhiteElo "1273"]
[BlackElo "1177"]
[PlyCount "55"]

1. d4 d5 2. Nf3 Bf5 3. Bf4 e6 4. e3 Nf6 5. Bd3 Be4 6. c3 Bd6 7. Bg3 O-O 8. O-O
Nbd7 9. Ng5 Bxd3 10. Qxd3 Ne4 11. Nxe4 dxe4 12. Qxe4 Nf6 13. Qf3 c6 14. Nd2 Qd7
15. e4 Rae8 16. Bxd6 Qxd6 17. e5 Qd5 18. exf6 g6 19. Qxd5 cxd5 20. Nf3 h6 21.
Ne5 Rd8 22. f4 Kh7 23. Rf3 h5 24. Rh3 Kh6 25. g4 Kh7 26. Kh1 Rd6 27. gxh5 Kh6
28. hxg6# 1-0

[Event "Tournoi francophone 012 Groupe D"]
[Site "Skype"]
[Date "????.??.??"]
[Round "7.3"]
[White "Rodriguez, Nathalie"]
[Black "Bustos, Ricardo"]
[Result "0-1"]
[WhiteElo "1335"]
[BlackElo "1216"]
[PlyCount "76"]

1. d4 Nf6 2. Bf4 d6 3. e3 g6 4. Nf3 Nh5 5. Bg3 Nxg3 6. hxg3 Bg4 7. Be2 Bg7 8.
c3 Nc6 9. Nbd2 e6 10. Qb3 Na5 11. Qb5+ Nc6 12. Qxb7 Ne7 13. Bb5+ c6 14. Be2 O-O
15. Qb3 Rb8 16. Qc2 Nd5 17. e4 Nb6 18. Rh4 f5 19. O-O-O Bh5 20. Bd3 Bf6 21. Rh2
Bg5 22. Re1 Bxf3 23. gxf3 e5 24. dxe5 dxe5 25. Qb3+ Nd5 26. exd5 Rxb3 27. axb3
Bxd2+ 28. Kxd2 cxd5 29. Rxe5 Qd6 30. f4 Rb8 31. Kc2 a5 32. Rh1 a4 33. bxa4 Qb6
34. Rb1 Qxf2+ 35. Re2 Qxg3 36. Bb5 Qxf4 37. Rd2 Qe4+ 38. Bd3 Qf4 0-1

[Event "Tournoi francophone 012 Groupe D"]
[Site "Skype"]
[Date "????.??.??"]
[Round "7.4"]
[White "Vervoort, Jean-Louis"]
[Black "Maccaferri, Massimo"]
[Result "0-1"]
[WhiteElo "1180"]
[BlackElo "1152"]
[PlyCount "101"]

1. d4 b6 2. Bf4 Ba6 3. Nf3 e6 4. Nbd2 Qf6 5. e3 Bxf1 6. Rxf1 c5 7. c3 Qg6 8. g3
cxd4 9. cxd4 Bb4 10. a3 Bxd2+ 11. Qxd2 Nc6 12. O-O-O a5 13. Qd3 f5 14. Rd2 Rc8
15. Kb1 Nf6 16. Qa6 O-O 17. Qxb6 Rb8 18. Qc5 Ne4 19. Qc2 Nxd2+ 20. Qxd2 a4 21.
Bxb8 Rxb8 22. Ne5 Nxe5 23. dxe5 f4+ 24. Ka1 Qe4 25. exf4 Qg2 26. Rd1 Qxh2 27.
Qxd7 Qh3 28. Qxa4 Qf5 29. Rd2 Rc8 30. Qd1 h6 31. Rd8+ Rxd8 32. Qxd8+ Kh7 33. b4
Qc2 34. Qa5 Qxf2 35. b5 Qc5 36. Qa4 Qc3+ 37. Kb1 Qxg3 38. b6 Qg1+ 39. Kb2 Qxb6+
40. Qb3 Qf2+ 41. Qc2+ Qxc2+ 42. Kxc2 h5 43. f5 exf5 44. e6 Kg8 45. a4 h4 46. a5
h3 47. a6 h2 48. e7 Kf7 49. a7 h1=Q 50. a8=Q Qxa8 51. e8=Q+ 0-1

[Event "Tournoi francophone 012 Groupe D"]
[Site "Skype"]
[Date "????.??.??"]
[Round "7.5"]
[White "Le Bouill, Pierre"]
[Black "Ramirez, Luis Antonio"]
[Result "1-0"]
[WhiteElo "1308"]
[BlackElo "1082"]
[PlyCount "69"]

1. Nf3 d6 2. d4 Nf6 3. g3 g6 4. Bg2 c6 5. c3 Bg7 6. Nbd2 O-O 7. O-O Nh5 8. Re1
f5 9. e4 f4 10. e5 Rf7 11. Ng5 Rf5 12. Ndf3 fxg3 13. fxg3 Nxg3 14. hxg3 h6 15.
Nh3 e6 16. Nh4 Rf7 17. Nxg6 Qc7 18. Qh5 Nd7 19. Bxh6 Bh8 20. Qg4 Nf8 21. Bxf8
Bg7 22. Bxg7 Rxg7 23. Nhf4 Qf7 24. Rf1 Qf5 25. Bh3 Rh7 26. Ne7+ Kf8 27. Nxf5
exf5 28. Qg5 Rg7 29. Qf6+ Rf7 30. Qxd6+ Re7 31. e6 Bxe6 32. Nxe6+ Kf7 33. Rxf5+
Kg6 34. Qxe7 Rh8 35. Qg7# 1-0

[Event "Tournoi francophone 012 Groupe D"]
[Site "Skype"]
[Date "????.??.??"]
[Round "8.1"]
[White "Porcabeuf, Jean-Marc"]
[Black "Ramirez, Luis Antonio"]
[Result "1-0"]
[WhiteElo "1181"]
[BlackElo "1082"]
[PlyCount "47"]

1. e4 d6 2. h3 Nf6 3. Nf3 Nbd7 4. Nc3 g6 5. d4 c6 6. Bf4 Bg7 7. Bc4 O-O 8. O-O
Nh5 9. Be3 e5 10. d5 c5 11. Qd2 h6 12. Bxh6 Bxh6 13. Qxh6 Re8 14. Ng5 Nf8 15.
Be2 Nf4 16. Bf3 Nxh3+ 17. gxh3 Bd7 18. h4 Qf6 19. Kh2 Qf4+ 20. Kg2 Re7 21. h5
f6 22. hxg6 Rg7 23. Rh1 fxg5 24. Qh8# 1-0

[Event "Tournoi francophone 012 Groupe D"]
[Site "Skype"]
[Date "????.??.??"]
[Round "8.2"]
[White "Maccaferri, Massimo"]
[Black "Le Bouill, Pierre"]
[Result "0-1"]
[WhiteElo "1152"]
[BlackElo "1308"]
[PlyCount "86"]

1. b3 d5 2. Ba3 Nf6 3. e3 a6 4. g3 c6 5. f4 Bf5 6. h3 h6 7. g4 Be4 8. Nf3 e6 9.
Bxf8 Rxf8 10. d3 Bh7 11. g5 hxg5 12. Nxg5 Qb6 13. Qe2 Nbd7 14. Bg2 Qb4+ 15. c3
Qb6 16. e4 d4 17. e5 Bxd3 18. Qxd3 Nd5 19. Qg3 Ne3 20. Na3 Qc5 21. Nh7 Qxc3+
22. Ke2 Qb2+ 23. Kf3 Rh8 24. Qxg7 O-O-O 25. Nc4 Qxg2+ 26. Qxg2 Nxg2 27. Ng5
Nh4+ 28. Kg4 Nf5 29. Nxf7 Rhg8+ 30. Kf3 Nh4+ 31. Kf2 Rdf8 32. Nfd6+ Kc7 33. a4
Rxf4+ 34. Ke2 Rg2+ 35. Ke1 Rgf2 36. Ne4 Ng2+ 37. Kd1 Rxe4 38. Rc1 Ree2 39. h4
Ne3+ 40. Nxe3 dxe3 41. h5 Nxe5 42. h6 Rd2+ 43. Ke1 Nf3# 0-1

[Event "Tournoi francophone 012 Groupe D"]
[Site "Skype"]
[Date "????.??.??"]
[Round "8.3"]
[White "Bustos, Ricardo"]
[Black "Vervoort, Jean-Louis"]
[Result "1-0"]
[WhiteElo "1216"]
[BlackElo "1180"]
[PlyCount "123"]

1. d4 d5 2. c4 Nf6 3. Nc3 c6 4. Bg5 e6 5. Nf3 Bb4 6. cxd5 cxd5 7. Qa4+ Nc6 8.
e3 a6 9. Qc2 O-O 10. Bd3 Bxc3+ 11. bxc3 g6 12. O-O Re8 13. e4 e5 14. dxe5 Nxe5
15. Nxe5 Rxe5 16. f4 Re6 17. e5 Qb6+ 18. Qf2 Qxf2+ 19. Rxf2 Ng4 20. Rf3 h6 21.
Bh4 Rc6 22. Rc1 d4 23. h3 Ne3 24. Bf2 Nf5 25. Bxf5 gxf5 26. Bxd4 Be6 27. a4
Rac8 28. Rg3+ Kh7 29. a5 Bc4 30. e6 Bxe6 31. Rg7+ Kh8 32. Rxf7+ Kg8 33. Rxb7
Bc4 34. Rg7+ Kf8 35. Rh7 Bd5 36. Bg7+ Kg8 37. Rxh6 Rxh6 38. Bxh6 Kh7 39. Bg5
Re8 40. Rd1 Bc6 41. Rd6 Re1+ 42. Kh2 Be4 43. Rxa6 Re2 44. Ra7+ Kg8 45. a6 Rxg2+
46. Kh1 Re2+ 47. Kg1 Re1+ 48. Kf2 Rh1 49. h4 Rh2+ 50. Kg3 Rg2+ 51. Kh3 Rg1 52.
Rb7 Rh1+ 53. Kg3 Rg1+ 54. Kf2 Rg2+ 55. Ke3 Bc2 56. a7 Rg3+ 57. Kd4 Rd3+ 58. Kc5
Rxc3+ 59. Kd4 Rd3+ 60. Ke5 Re3+ 61. Kf6 Re6+ 62. Kxe6 1-0

[Event "Tournoi francophone 012 Groupe D"]
[Site "Skype"]
[Date "????.??.??"]
[Round "8.4"]
[White "Hargez, Dany"]
[Black "Rodriguez, Nathalie"]
[Result "1-0"]
[WhiteElo "1177"]
[BlackElo "1335"]
[PlyCount "49"]

1. e4 e5 2. Bc4 Nc6 3. Nf3 Nd4 4. Nxe5 Qg5 5. Bxf7+ Ke7 6. Ng4 Kxf7 7. O-O Nf6
8. d3 Qc5 9. Nxf6 gxf6 10. Be3 Bg7 11. c3 Qb5 12. Bxd4 Qxb2 13. Nd2 Qb5 14. a4
Qxd3 15. Qh5+ Ke7 16. Nf3 Qxe4 17. Rae1 Qe6 18. Rxe6+ dxe6 19. Bc5+ Kd7 20.
Rd1+ Kc6 21. Nd4+ Kd7 22. Nf5+ Kc6 23. Nxg7 b6 24. Qf3+ Kxc5 25. Qxa8 1-0

[Event "Tournoi francophone 012 Groupe D"]
[Site "Skype"]
[Date "????.??.??"]
[Round "8.5"]
[White "De Fazio, Monica"]
[Black "Scata, Laura"]
[Result "1/2-1/2"]
[WhiteElo "1125"]
[BlackElo "1273"]
[PlyCount "54"]

1. e4 c6 2. Nf3 d5 3. e5 Bf5 4. d4 e6 5. Bd3 Bxd3 6. Qxd3 Nd7 7. O-O c5 8. c3
Qb6 9. b3 Ne7 10. Bb2 Nc6 11. Nbd2 Be7 12. Rfe1 f6 13. Rab1 fxe5 14. dxe5 O-O
15. c4 Nb4 16. Qe2 d4 17. Ne4 d3 18. Qd1 Rad8 19. Re3 Nb8 20. a3 N4c6 21. Rxd3
Rxd3 22. Qxd3 Rd8 23. Nd6 Bxd6 24. exd6 Rd7 25. Re1 Nd8 26. Be5 Nbc6 27. Ng5 g6
1/2-1/2

[Event "Tournoi francophone 012 Groupe D"]
[Site "Skype"]
[Date "????.??.??"]
[Round "9.1"]
[White "Scata, Laura"]
[Black "Porcabeuf, Jean-Marc"]
[Result "1-0"]
[WhiteElo "1273"]
[BlackElo "1181"]
[PlyCount "75"]

1. d4 d5 2. Nf3 Nf6 3. Bf4 h6 4. e3 Bf5 5. Bd3 Bg4 6. Nbd2 e6 7. c3 Be7 8. Qc2
Nbd7 9. h3 Bh5 10. Ne5 c5 11. Bb5 O-O 12. Nxd7 Nxd7 13. g4 Bg6 14. Bd3 Bxd3 15.
Qxd3 c4 16. Qc2 f6 17. Qg6 e5 18. Bxh6 Rf7 19. e4 Bd6 20. Nf3 Nf8 21. Qf5 exd4
22. Bf4 Bxf4 23. Qxf4 dxe4 24. Nxd4 Ng6 25. Qg3 Qd5 26. O-O-O Re8 27. h4 e3 28.
fxe3 Re4 29. Nf5 Qc5 30. Nd6 Rxe3 31. Nxf7 Rxg3 32. Nd6 Rxg4 33. Nxb7 Ne5 34.
Nxc5 Nf3 35. h5 Rg2 36. h6 Kh7 37. Rd7 f5 38. Ne6 1-0

[Event "Tournoi francophone 012 Groupe D"]
[Site "Skype"]
[Date "????.??.??"]
[Round "9.2"]
[White "Rodriguez, Nathalie"]
[Black "De Fazio, Monica"]
[Result "1-0"]
[WhiteElo "1335"]
[BlackElo "1125"]
[PlyCount "29"]

1. d4 d5 2. Bf4 Nc6 3. e3 e6 4. Nc3 Nf6 5. a3 Bd6 6. Bg3 O-O 7. Nf3 Qe7 8. Be2
e5 9. Nb5 Ne4 10. Nxd6 cxd6 11. c3 Nxg3 12. hxg3 Bg4 13. Qd2 Na5 14. Qc2 Rac8
15. Qxh7# 1-0

[Event "Tournoi francophone 012 Groupe D"]
[Site "Skype"]
[Date "????.??.??"]
[Round "9.3"]
[White "Vervoort, Jean-Louis"]
[Black "Hargez, Dany"]
[Result "0-1"]
[WhiteElo "1180"]
[BlackElo "1177"]
[PlyCount "64"]

1. d4 d5 2. Bf4 Bf5 3. e3 Nf6 4. Nf3 e6 5. Bd3 Be4 6. Bxe4 dxe4 7. Ne5 Bd6 8.
O-O O-O 9. Nd2 Bxe5 10. Bxe5 Nbd7 11. Bxf6 Nxf6 12. c3 Qd5 13. c4 Qf5 14. f3
Qg6 15. Qb3 b6 16. fxe4 Nxe4 17. Nxe4 Qxe4 18. Rf4 Qg6 19. Raf1 f5 20. R1f3 Rf6
21. Rg3 Qf7 22. Qc2 Rf8 23. Qf2 Rg6 24. Rh3 Rh6 25. Rxh6 gxh6 26. Qg3+ Kh8 27.
e4 Qh5 28. Rh4 Qd1+ 29. Kf2 Qxd4+ 30. Qe3 fxe4+ 31. Ke2 Qxb2+ 32. Qd2 Rf2+ 0-1

[Event "Tournoi francophone 012 Groupe D"]
[Site "Skype"]
[Date "????.??.??"]
[Round "9.4"]
[White "Le Bouill, Pierre"]
[Black "Bustos, Ricardo"]
[Result "0-1"]
[WhiteElo "1308"]
[BlackElo "1216"]
[PlyCount "74"]

1. Nf3 d6 2. h3 c5 3. d4 cxd4 4. Nxd4 Nf6 5. c3 e5 6. Nf3 Nc6 7. e3 h6 8. a3
Be7 9. Qb3 O-O 10. Bd3 e4 11. Nd4 exd3 12. Qd1 Ne5 13. O-O a6 14. b3 Nc6 15.
Qxd3 Nxd4 16. cxd4 b5 17. Bb2 d5 18. Nd2 Qb6 19. Nf3 Bd6 20. Rfe1 a5 21. Bc3
Ba6 22. Qd1 Rac8 23. Qb1 Rxc3 24. Rc1 Rxc1+ 25. Qxc1 Rc8 26. Qd2 Ne4 27. Qd3 b4
28. Qb1 Nc3 29. Qf5 bxa3 30. Ne5 Ne2+ 31. Kh1 Bxe5 32. Qxe5 Rd8 33. g4 Qxb3 34.
Qe7 Rc8 35. Rxa3 Qd1+ 36. Kg2 Qg1+ 37. Kf3 Qh1# 0-1